Science Quiz

Random Science or Letter Quiz

Animals That Start with 'D' Quiz Stats

Quiz Updated May 11, 2016

Challenge
Share
Tweet
Score 0/12 Timer 03:00
13 Plays Today
% Correct
Duck
99.3%
Dolphin
99.1%
Donkey
98.6%
Deer
97.2%
Dove
94%
Dragonfly
93.2%
Dachshund
90.3%
Dung Beetle
78.8%
Dingo
78.7%
Dugong
29.4%
Dormouse
28.5%
Dik-Dik
20.7%

You're not logged in!

Compare scores with friends on all Sporcle quizzes.
Sign Up with Email
OR
Log In

You Might Also Like...

Show Comments

Extras

Top Quizzes Today


Score Distribution

Your Account Isn't Verified!

In order to create a playlist on Sporcle, you need to verify the email address you used during registration. Go to your Sporcle Settings to finish the process.